01038cam a22002777a 450000500170000000800410001701000100005801100100006803500100007808200150008810000280010324501080013126000360023930000110027549000730028659000410035959000410040059000410044159000410048259000420052365000350056583000800060090100070068094900560068799900170074320220329141131.0971010s1977 r 00010 d a63132 a64104 a69236 a657.42bB600aBoer, Germain B.913382 0aContabilidad de costos directos y su contribuciónb: sistema integrado de contabilidad administrativa aMéxico, D.F. :bLimusa,c1977 a262 p. 0aColección de sistemas y controles para administración financiera aBATCH-UPDb10c20130110lUCH01h0422 aBATCH-UPDb10c20130110lUCH01h2351 aBATCH-UPDb10c20130410lUCH01h0057 aBATCH-UPDb10c20130914lUCH01h1004 aCONVERSIONb10c20130109lUCH01h133414aContabilidad de costos.9274250 aColección de sistemas y controles para administración financiera924810 aBK a657.42 B6bCRUANcLIBROd-1407eLIBROh91i69236si c63132d63132